Sound recording and reproduction / (Record no. 8107)
[ view plain ]
| 000 -LEADER | |
|---|---|
| fixed length control field | 00660nac a22002051u 4500 |
| 010 ## - LIBRARY OF CONGRESS CONTROL NUMBER | |
| LC control number | 80041481 |
| 020 ## - INTERNATIONAL STANDARD BOOK NUMBER | |
| International Standard Book Number | 0240512731 (pbk.) |
| 082 00 - DEWEY DECIMAL CLASSIFICATION NUMBER | |
| Classification number | 621.3893 |
| Item number | ALK |
| 090 ## - LOCALLY ASSIGNED LC-TYPE CALL NUMBER (OCLC); LOCAL CALL NUMBER (OCLC) | |
| -- | 8107 |
| -- | 8107 |
| 100 ## - MAIN ENTRY--PERSONAL NAME | |
| Personal name | Alkin, E. G. M. |
| 245 10 - TITLE STATEMENT | |
| Title | Sound recording and reproduction / |
| Statement of responsibility, etc | Glyn Alkin. |
| 260 ## - PUBLICATION, DISTRIBUTION, ETC. (IMPRINT) | |
| Place of publication, distribution, etc | London ; |
| -- | Boston : |
| Name of publisher, distributor, etc | Focal Press,1987, c1981. |
| Date of publication, distribution, etc | 1987, c1981. |
| 300 ## - PHYSICAL DESCRIPTION | |
| Extent | 224 p. : |
| Other physical details | ill. ; |
| Dimensions | 22 cm. |
| 440 #0 - | |
| -- | Media manuals |
| 500 ## - GENERAL NOTE | |
| General note | Distributer: Al-Ahram. |
| 504 ## - BIBLIOGRAPHY, ETC. NOTE | |
| Bibliography, etc | Bibliography: p. 215. |
| 511 ## - PARTICIPANT OR PERFORMER NOTE | |
| Participant or performer note | Catalogued By: Mahitab. |
| 650 #0 - SUBJECT ADDED ENTRY--TOPICAL TERM | |
| Topical term or geographic name as entry element | Sound |
| General subdivision | Recording and reproducing. |
| 942 ## - ADDED ENTRY ELEMENTS (KOHA) | |
| Item type | Book - Borrowing |
| Call number prefix | 621.3893ALK |
| Withdrawn status | Item status | Damaged status | Not for loan | Home library | Current library | Shelving location | Date acquired | Source of acquisition | Total Checkouts | Full call number | Barcode | Date last seen | Koha item type |
|---|---|---|---|---|---|---|---|---|---|---|---|---|---|
| Central Library | Central Library | First floor | 24/02/2008 | Purchase | 621.3893ALK | 000010013 | 15/07/2025 | Book - Borrowing |